UK Airports that fly to Orlando Quiz Stats

Quiz not verified by Sporcle

Challenge
Share
Tweet
Embed
Score 0/10 Timer 03:00
0 Plays Today
% Correct
Manchester
99.1%
Gatwick
97.2%
Glasgow International
97.2%
Birminghham
90%
Belfast International
86.6%
Newcastle
78.2%
Bristol
65.4%
East Midlands
65.4%
Cardiff
64.2%
Sheffield
39.6%

You're not logged in!

Compare scores with friends on all Sporcle quizzes.
Sign Up with Email
OR
Log In

You Might Also Like...

Show Comments

Extras

Top Quizzes Today


Score Distribution

Your Account Isn't Verified!

In order to create a playlist on Sporcle, you need to verify the email address you used during registration. Go to your Sporcle Settings to finish the process.